Normal view
MARC view
- الدولة الايوبية البحرية - دولة المماليك البحرية - تاريخ 702 هجري
Entry Topical Term
001 - CONTROL NUMBER
- control field: 14346
003 - CONTROL NUMBER IDENTIFIER
- control field: JO-AjAnu
005 - DATE AND TIME OF LATEST TRANSACTION
- control field: 20230606072606.0
008 - FIXED-LENGTH DATA ELEMENTS
- fixed length control field: 230606|| aca||aabn | a|a d
040 ## - CATALOGING SOURCE
- Original cataloging agency: JO-AjAnu
- Transcribing agency: JO-AjAnu
150 ## - HEADING--TOPICAL TERM
- Topical term or geographic name entry element: الدولة الايوبية البحرية - دولة المماليك البحرية - تاريخ 702 هجري
670 ## - SOURCE DATA FOUND
- Source citation: Work cat.: (JO-AjAnu)7371: تاليف المنصوري، بيبرس؛ تحقيق وتقديم عبد الحميد صالح حمدان, author 14345, مختار الأخبار: تاريخ الدولة الأيوبية ودولة المماليك البحرية حتى سنة 702 هجري